00677nam a2200241 a 4500001001300000003000900013005001700022008004100039020001000080082001600090100002400106245001700130260003700147300000900184500003500193505000800228650002600236700002400262902000800286942000700294952011700301999001700418nice12345678IN_TiNIC20260116013410.0050524s1984 hyda grp 000 0 ara  ac59000a297.61bTHA aThalibi, Abu Mansur aKhas-Ul-Khas aHyderabadbDairatul Maarifc1984 a625p aincludes index and biblioraphy2 a71p aIslam-Biography-Ulama1 aThalibi, Abu Mansur bRHR cBK 001040708ReferHall-aHMIbHMId2007-07-05g590.00l0o297.61 THAp018903r2007-07-05v590.00w2005-05-24yBK c10850d10850